|
|
|
|
| LEADER |
00000cam a2200000 a 4500 |
| 001 |
vtls001331235 |
| 003 |
SK-MaSNL |
| 005 |
20260301235710.0 |
| 008 |
251113s1989 xr 0000f cze |
| 035 |
|
|
|a SNK000284114
|
| 040 |
|
|
|a SNK
|b slo
|c SNK
|e AACR2
|
| 041 |
0 |
|
|a cze
|h ger
|
| 044 |
|
|
|a xr
|c CZ
|
| 080 |
|
|
|a 830-31=850
|2 1981
|
| 080 |
|
|
|a 82-312.4
|2 1981
|
| 100 |
1 |
|
|a Steinberg, Werner,
|d 1913-1992
|4 aut
|9 264959
|
| 240 |
1 |
0 |
|a Letzte Fall des Kommissars
|l Česky
|
| 245 |
1 |
|
|a Komisařův poslední případ
|c Werner Steinberg ; z něm. orig. přel. Antonín Hendrych
|
| 260 |
|
|
|a Praha
|b Melantrich
|c 1989
|
| 300 |
|
|
|a 195, [2] s.
|c 8°
|
| 490 |
1 |
|
|a Gong
|v sv. 49
|
| 655 |
|
7 |
|a nemecké romány
|2 SNKPH
|9 70433
|
| 655 |
|
7 |
|a detektívne romány
|2 SNKPH
|9 70455
|
| 830 |
|
0 |
|a Gong
|9 377763
|
| 958 |
|
|
|a RK
|
| 958 |
|
|
|a OND
|
| 999 |
|
|
|c 976232
|d 978162
|
| 952 |
|
|
|t P60, <04>, [BOOK], {604}
|a SNK
|b SNK
|y VYP
|7 0
|o snkID 90187
|i snkKIP 3327/90
|0 0
|1 0
|4 0
|d 1998-05-15
|l 0
|r 2005-01-02 00:00:00
|w 2026-02-24
|
| 952 |
|
|
|t P60, <04>, [BOOK], {604}
|a SNK
|b SNK
|y VYP
|7 0
|o snkID 90187 D1
|i snkKIP 3328/90
|0 0
|1 0
|4 0
|d 1998-05-15
|l 0
|r 2005-01-02 00:00:00
|w 2026-02-24
|